Hacienda y política : (Record no. 67505)
[ view plain ]
| 000 -LEADER | |
|---|---|
| fixed length control field | 00842cam a2200217 4500 |
| 005 - DATE AND TIME OF LATEST TRANSACTION | |
| control field | 20150511113012.0 |
| 008 - FIXED-LENGTH DATA ELEMENTS--GENERAL INFORMATION | |
| fixed length control field | s1998 mx spa |
| 020 ## - INTERNATIONAL STANDARD BOOK NUMBER | |
| International Standard Book Number | 9686959920 |
| 050 00 - LIBRARY OF CONGRESS CALL NUMBER | |
| Classification number | HJ802 |
| Item number | H33 1998 |
| 245 00 - TITLE STATEMENT | |
| Title | Hacienda y política : |
| Remainder of title | las finanzas públicas y los grupos de poder en la primera República Federal Mexicana / |
| Statement of responsibility, etc | José Antonio Serrano Ortega, Luis Jáuregui, editores. |
| 250 ## - EDITION STATEMENT | |
| Edition statement | 1a. ed. |
| 260 ## - PUBLICATION, DISTRIBUTION, ETC. (IMPRINT) | |
| Place of publication, distribution, etc | Zamora, Mich., Mex. : |
| Name of publisher, distributor, etc | El Colegio de Michoacán : |
| -- | Instituto Mora, |
| Date of publication, distribution, etc | 1998. |
| 300 ## - PHYSICAL DESCRIPTION | |
| Extent | 369 p. ; |
| Dimensions | 23 cm. |
| 490 #0 - SERIES STATEMENT | |
| Series statement | Memorias |
| 504 ## - BIBLIOGRAPHY, ETC. NOTE | |
| Bibliography, etc | Incluye bibliografias |
| 650 #0 - SUBJECT ADDED ENTRY--TOPICAL TERM | |
| Topical term or geographic name as entry element | Finanzas públicas |
| Geographic subdivision | México |
| General subdivision | Historia |
| 651 #4 - SUBJECT ADDED ENTRY--GEOGRAPHIC NAME | |
| Geographic name | México |
| General subdivision | Historia |
| Chronological subdivision | Federalismo y centralismo, 1824-1853 |
| 700 1# - ADDED ENTRY--PERSONAL NAME | |
| Personal name | Serrano Ortega, José Antonio, |
| Relator term | ed. |
| 700 1# - ADDED ENTRY--PERSONAL NAME | |
| Personal name | Jáuregui, Luis, |
| Relator term | ed. |
| 942 ## - ADDED ENTRY ELEMENTS (KOHA) | |
| Source of classification or shelving scheme | Biblioteca del Cogreso de los Estados Unidos |
| Koha item type | Libro |
| Estado de pérdida | Fuente de clasificación | Estado del daño | No para préstamo | Ubicación permanente | Ubicación actual | Apartado o colección | Fecha de adquisición | Fuente de adquisición | Edición | Área del conocimiento | Clasificación | Código de Barras | Date last seen | Número de copia | Tipo de recurso | Dependencia de educación superior (DES) |
|---|---|---|---|---|---|---|---|---|---|---|---|---|---|---|---|---|
| Biblioteca del Cogreso de los Estados Unidos | Biblioteca del Instituto de Investigaciones Económicas y Empresariales | Biblioteca del Instituto de Investigaciones Económicas y Empresariales | General | 11/05/2015 | Unidad Académica | 1a ed. | Ciencias Sociales y Administrativas | HJ802 H33 1998 | IIE000002917 | 11/05/2015 | C:1 | Libro | ||||
| Biblioteca del Cogreso de los Estados Unidos | Biblioteca del Instituto de Investigaciones Históricas | Biblioteca del Instituto de Investigaciones Históricas | General | 06/09/2018 | 1a ed. | Ciencias Sociales y Administrativas | HJ802 H33 1998 | IIH00025789 | 06/09/2018 | C:1 | Libro | Humanidades |